Score 0/10 Timer 03:00
1 Play Today
% Correct
Go
98.3%
We are finally introduced to the mother at the end of season 8.
67.8%
2030 Ted shows Robin the blue french horn at the end of season 9.
64.8%
We learn Barney's bride will be Robin at the end of season 7.
63.4%
Ted comforts a recently dumped Marshall at the end of season 1.
59.7%
Ted becomes a college professor at the end of season 4.
50.3%
Ted proposes to Stella at the end of season 3.
49%
Barney becomes broken-up Ted's wingman at the end of season 2.
44.5%
Marshall and Lily decide to have a baby at the end of season 5.
41.6%
We learn Ted'll be best man at Barney's wedding at the end of season 6.
26.7%
Remove Ads.
Support Sporcle.
Get the best of Sporcle when you Go Orange. This ad-free experience offers more features, more stats, and more fun while also helping to support Sporcle. Thank you for becoming a member.

You're not logged in!

Compare scores with friends on all Sporcle quizzes.
OR
Log In

Sporcle TV

Today on Sporcle TV


Watch our educational content, quiz creation guides, and fun videos on Sporcle TV.

Show Comments

Extras

Top Quizzes Today


Score Distribution

Paid Content

Your Account Isn't Verified!

In order to create a playlist on Sporcle, you need to verify the email address you used during registration. Go to your Sporcle Settings to finish the process.

Report this User

Report this user for behavior that violates our Community Guidelines.

Details: